Gandhi Patel: letters and speeches: (Record no. 175690)

MARC details
000 -LEADER
fixed length control field 00706nam a22001937a 4500
005 - DATE AND TIME OF LATEST TRANSACTION
control field 20200915145036.0
010 ## - LCCN (DPL NO)
LC control number B-732630
020 ## - INTERNATIONAL STANDARD BOOK NUMBER
International Standard Book Number 9788123755564
Terms of availability 75.00
035 ## - SYSTEM CONTROL NUMBER
System control number B-732630
037 ## - SOURCE OF ACQUISITION
Source of stock number/acquisition National Book Trust
082 ## - DEWEY DECIMAL CLASSIFICATION NUMBER
Classification number 954.0841
245 ## - TITLE STATEMENT
Title Gandhi Patel: letters and speeches:
Remainder of title differences within consensus /
Statement of responsibility, etc compiled by Neerja Singh
260 ## - PUBLICATION, DISTRIBUTION, ETC. (IMPRINT)
Place of publication, distribution, etc New Delhi
Name of publisher, distributor, etc National Book Trust
Date of publication, distribution, etc 2009
270 ## - ADDRESS
Address Nehru Bhawan, 5 Institutional Area, Phase-II, Vasant Kunj
City New Delhi
Postal code 110070
300 ## - PHYSICAL DESCRIPTION
Extent xix, 203p.
Dimensions 21cm(pbk)
700 ## - ADDED ENTRY--PERSONAL NAME
Personal name Neerja Singh
942 ## - ADDED ENTRY ELEMENTS (KOHA)
Source of classification or shelving scheme Dewey Decimal Classification
Item type English Books
Call number suffix GAN
Classification part 954.0841
Holdings
Withdrawn status Lost status Not for loan Collection code Home library Current library Date acquired Source of acquisition Cost, normal purchase price Full call number Barcode Copy number Cost, replacement price Koha item type
      Non-fiction Central Library Central Library 15/09/2020 Gift/Eng/27.02.2020 75.00 954.0841 GAN B-732630 1 75.00 English Books

© Delhi Public Library
Hit Counter
free hit counter